|
|
|
|
| LEADER |
00000nam a2200000 a 4500 |
| 001 |
vtls010272196 |
| 003 |
SK-MaSNL |
| 005 |
20260302011724.0 |
| 008 |
180809s2010 rm 000 0 slo |
| 020 |
|
|
|a 9789731070629
|q (brož.)
|
| 035 |
|
|
|a D6A49CC8-320A-4B60-BAB5-F5BD5E76C832
|
| 035 |
|
|
|a urn:nbn:sk:snk-amjhmb
|
| 035 |
|
|
|a urn:nbn:sk:snk-am001mim
|
| 040 |
|
|
|a SNK
|b slo
|c SNK
|e AACR2
|
| 041 |
0 |
|
|a slo
|
| 043 |
|
|
|a e-rm---
|
| 044 |
|
|
|a rm
|c RO
|
| 072 |
|
7 |
|a 821.162.4-1
|x Slovenská poézia
|2 konspekt
|
| 080 |
|
|
|a 821.162.4-1-051(498)
|2 2001
|
| 080 |
|
|
|a 821.162.4-1.09
|2 2001
|
| 080 |
|
|
|a (062.534)
|2 2001
|
| 111 |
2 |
|
|a Ponad vek dolnozemských básnických generácií
|d (19.-20. mraca 2010 :
|c Nadlak, Rumunsko)
|9 652575
|
| 245 |
1 |
0 |
|a Ponad vek dolnozemských básnických generácií
|b zborník prác z rovnomenného medzinárodného seminára, ktorý sa konal v Nadlaku 19.-20. marca 2010
|c [editori: Miroslav Ambruš, Pavel Hlásnik, Bianca Unc]
|
| 250 |
|
|
|a 1. vyd.
|
| 260 |
|
|
|a Nadlak
|b Ivan Krasko
|c 2010
|
| 300 |
|
|
|a 99 s.
|c 21 cm
|
| 650 |
0 |
7 |
|a slovenskí básnici
|2 SNKPH
|9 67856
|
| 650 |
0 |
7 |
|a slovenská poézia
|2 SNKPH
|9 215422
|
| 650 |
0 |
7 |
|a Slovak poets
|z Romania
|2 SNKPheng
|9 652576
|
| 650 |
0 |
7 |
|a Slovak poetry
|x theory
|2 SNKPheng
|9 652577
|
| 655 |
|
7 |
|a zborníky konferencií
|2 SNKPH
|9 70153
|
| 655 |
|
7 |
|a Congresses
|2 SNKPHeng
|9 296726
|
| 700 |
1 |
|
|a Ambruš, Ivan Miroslav,
|d 1950-
|4 edt
|9 24317
|
| 700 |
1 |
|
|a Hlásnik, Pavel
|4 edt
|9 313811
|
| 700 |
1 |
|
|a Unc, Bianca
|4 edt
|9 342436
|
| 852 |
|
|
|a Štátna vedecká knižnica v Banskej Bystrici
|
| 919 |
|
|
|a 978-973-1070-62-9
|
| 999 |
|
|
|c 1007164
|d 1009094
|
| 952 |
|
|
|a SNK
|b SNK
|y PREZ
|7 0
|p 17A1049093
|o snkSC 151047
|i snk2012/17711
|8 2
|g 7.00
|0 0
|1 0
|4 0
|d 2012-03-08
|l 0
|r 2025-07-21 00:00:00
|w 2026-02-24
|
| 952 |
|
|
|a SNK
|b SNK
|y VYP
|7 0
|p 17A1049092
|o snkSC 151047 D1
|i snk2012/17712
|8 2
|g 7.00
|0 0
|1 0
|4 0
|d 2012-03-08
|f 1
|l 0
|r 2026-02-24 12:40:00
|w 2026-02-24
|